[Event "57th ch-HUN w"]
[Site "Eger HUN"]
[Date "2009.08.28"]
[Round "8"]
[White "Lakos,N"]
[Black "Rudolf,An"]
[Result "1/2-1/2"]
[WhiteElo "2310"]
[BlackElo "2313"]

1.e4 e6 2.d4 d5 3.Nd2 Be7 4.Ngf3 Nf6 5.Bd3 c5 6.dxc5 dxe4 7.Nxe4 Nxe4 8.Bxe4 Qxd1+
9.Kxd1 Bxc5 10.Ke2 Nd7 11.Be3 Bxe3 12.Kxe3 Nc5 13.Rhd1 Nxe4 14.Kxe4 Ke7 15.Rd4 Rd8
16.Rxd8 Kxd8 17.Rd1+ Ke7 18.Ke3 Bd7 19.Ne5 Be8 20.f4 Rc8 21.c3 f6 22.Nf3 Bc6
23.Rd4 Bd5 24.g3 Bxa2 25.Ra4 Bc4 26.Nd2 Bb5 27.Rd4 Rd8 28.c4 Bc6 29.Rxd8 Kxd8
30.Kd4 Kc7 31.b4 b6 32.c5 Bg2 33.Nc4 Kc6 34.cxb6 axb6 35.Ne3 Bf3 36.h4 Be2
37.Kc3 Kd7 38.Kd2 Bb5 39.Kc3 Kd6 40.Kd4 Be2 41.Ke4 Ba6 42.Kd4 Bb5 43.Ke4 Bc6+
44.Kd4 Bd5 45.Nd1 Bf3 46.Ne3 b5 47.Nc2 Bh5 48.Ne3 Bg6 49.Ng4 h6 50.Ne3 Bh5
51.Ke4 Be2 52.Kd4 Bf3 53.Nc2 Bd1 54.Ne3 Bh5 55.Ke4 g5 56.hxg5 hxg5 57.Kd4 Bf3
58.Nc2 Bg4 59.Ne3 Bf5 60.Kc3 Bb1 61.Kd4 Bg6 62.Ng4 Ke7 63.fxg5 f5 64.Ne5 Bh5
65.Kc5 Be2 66.Nc6+ Kf7 67.Ne5+ Ke7 68.Ng6+ Kf7 69.Ne5+ Ke7 70.Ng6+ Kf7 71.Nf4 Bc4
72.Kd6 Bb3 73.Ke5 Ba2 74.Kd6 Bb3 75.Ke5 Ba2 76.Kd6 Bb3 77.Ke5  1/2-1/2

[Event "6th Open"]
[Site "Kalamaria GRE"]
[Date "2009.08.28"]
[Round "8"]
[White "Panchanathan,M"]
[Black "Antic,De"]
[Result "1/2-1/2"]
[WhiteElo "2493"]
[BlackElo "2523"]

1.e4 e6 2.d4 d5 3.Nd2 Be7 4.Bd3 c5 5.dxc5 Nf6 6.Qe2 Nc6 7.Ngf3 Bxc5 8.exd5 Nxd5
9.Ne4 Be7 10.O-O Qc7 11.c4 Nf4 12.Bxf4 Qxf4 13.c5 O-O 14.Rfd1 Rd8 15.Bb5 Bd7
16.g3 Qc7 17.Nd6 Be8 18.Nxe8 Rxe8 19.b4 Red8 20.Bxc6 Qxc6 21.Ne5 Qc7 22.Rac1 g6
23.h4 Rac8 24.Qe4 Kg7 25.h5 Bg5 26.Rb1 gxh5 27.Nc4 Be7 28.Nd6 Bxd6 29.cxd6 Qc4
30.Qxb7 Qxa2 31.Qe7 Qc2 32.Rbc1 Qxc1 33.Rxc1 Rxc1+ 34.Kg2 Rcc8 35.d7 Rb8
36.b5 h6 37.Kf3 Rg8 38.Qc5 Rgd8 39.Qe7 Rg8 40.Qc5 Rgd8 41.Qc7 Kf8 42.Qd6+ Kg7
43.Qe5+ Kg8 44.Qc7 Kf8 45.Qc5+ Kg7 46.Qe7 Rg8 47.Ke4 Rxb5 48.d8=Q Rxd8 49.Qxd8 Rd5
50.Qc8 Rf5 51.Qc3+ Kg8 52.f3 a5 53.g4 hxg4 54.fxg4 Rg5 55.Kf4 e5+ 56.Kf3 Kg7
57.Qd2 Kg6 58.Qd6+ Kg7 59.Qd8 a4 60.Qe7 a3 61.Qxa3 h5 62.gxh5 Rxh5 63.Ke4 Rh6
64.Qg3+ Rg6 65.Qxe5+ Kg8 66.Kf5  1/2-1/2

[Event "XIX EYCC Boys U18"]
[Site "Fermo ITA"]
[Date "2009.08.31"]
[Round "1"]
[White "Ter Sahakyan,S"]
[Black "Larmuseau,Ma"]
[Result "1-0"]
[WhiteElo "2480"]
[BlackElo "2169"]

1.e4 e6 2.d4 d5 3.Nd2 Be7 4.Bd3 c5 5.dxc5 Nf6 6.Qe2 O-O 7.Ngf3 a5 8.a4 Na6
9.e5 Nd7 10.h4 Re8 11.Ng5 h6 12.Bh7+ Kf8 13.Nxf7 Kxf7 14.Qh5+ Kf8 15.Nf3 Bf6
16.Rh3 Naxc5 17.Rg3 Qe7 18.Bxh6 Ne4 19.Bxe4 dxe4 20.exf6 Nxf6 21.Qg6  1-0

[Event "XIX EYCC Boys U14"]
[Site "Fermo ITA"]
[Date "2009.09.03"]
[Round "4"]
[White "Andersen,Mad"]
[Black "Giroyan,G"]
[Result "1/2-1/2"]
[WhiteElo "2336"]
[BlackElo "2202"]

1.e4 e6 2.d4 d5 3.Nd2 a6 4.Ngf3 Nf6 5.e5 Nfd7 6.Bd3 c5 7.O-O Nc6 8.Re1 g5
9.h3 h5 10.g4 hxg4 11.hxg4 cxd4 12.Nf1 Qc7 13.Ng3 Ndxe5 14.Nxe5 Nxe5 15.Bxg5 Rg8
16.f4 Nxd3 17.Qxd3 f6 18.Nh5 fxg5 19.Nf6+ Kd8 20.Nxg8 Qg7 21.f5 Qxg8 22.Qxd4 Qg7
23.Qd3 Bc5+ 24.Kg2 Qd4 25.Qxd4 Bxd4 26.Rad1 Bxb2 27.c4 b5 28.cxd5 exf5 29.d6 Ra7
30.Re2 Bf6 31.gxf5 Rh7 32.Kg1 Bb7 33.Rdd2 Kd7 34.Re6 Rh1+ 35.Kf2 Rh2+ 36.Ke3 Rxd2
37.Kxd2 Bd8 38.a3 Bd5 39.Rh6 g4 40.Rg6 Be4 41.Rxg4 Bxf5 42.Rg8 Be4 43.Kc3 Bb6
44.Rg4 Bc6 45.a4 Kxd6 46.axb5 axb5 47.Kb4 Bc5+ 48.Ka5 Be3 49.Rg3 Bd4 50.Rb3 Kc7
51.Rxb5 Bc3+ 52.Ka6  1/2-1/2

[Event "XIX EYCC Boys U16"]
[Site "Fermo ITA"]
[Date "2009.09.03"]
[Round "4"]
[White "Colon Garcia,E"]
[Black "Strzemiecki,Z"]
[Result "0-1"]
[WhiteElo "2173"]
[BlackElo "2314"]

1.e4 e6 2.d4 d5 3.Nd2 Be7 4.Ngf3 Nf6 5.Bd3 c5 6.dxc5 dxe4 7.Nxe4 Nxe4 8.Bxe4 Qxd1+
9.Kxd1 Bxc5 10.Ke2 Nd7 11.c3 Nf6 12.Bd3 O-O 13.Bg5 b6 14.Ne5 h6 15.Bh4 g5
16.Bg3 Nh5 17.b4 Be7 18.a4 Bb7 19.f3 Bd6 20.Nd7 Bxg3 21.Nxf8 Bc7 22.Nxe6 fxe6
23.Bc4 Nf4+ 24.Kf2 Kf7 25.Rad1 Ke7 26.h4 g4  0-1

[Event "6th LGA Premium Cup"]
[Site "Nuernberg GER"]
[Date "2009.09.04"]
[Round "3"]
[White "Tischbierek,R"]
[Black "Iotov,V"]
[Result "1/2-1/2"]
[WhiteElo "2447"]
[BlackElo "2603"]

1.e4 e6 2.d4 d5 3.Nd2 Be7 4.Bd3 c5 5.dxc5 Nf6 6.Qe2 O-O 7.Ngf3 a5 8.O-O Na6
9.e5 Nd7 10.Nb3 a4 11.Nbd4 Ndxc5 12.Be3 Nxd3 13.cxd3 Bd7 14.Rfc1 Qa5 15.a3 Rfc8
16.Qd2 Qxd2 17.Bxd2 b5 18.Kf1 b4 19.axb4 Nxb4 20.Ne1 Rab8 21.Rxc8+ Rxc8 22.Rc1 Rxc1
23.Bxc1 Bc8 24.Ke2 Ba6 25.f4 g6 26.Be3 h5  1/2-1/2

[Event "ch-RUS HL"]
[Site "Ulan Ude RUS"]
[Date "2009.09.04"]
[Round "3"]
[White "Sek,K"]
[Black "Kornev,Alexei"]
[Result "0-1"]
[WhiteElo "2420"]
[BlackElo "2527"]

1.e4 e6 2.d4 d5 3.Nd2 Be7 4.Ngf3 Nf6 5.e5 Nfd7 6.c4 dxc4 7.Nxc4 O-O 8.Be3 Nb6
9.Qc2 Bd7 10.h4 h6 11.Qe4 Bc6 12.Qg4 Bb4+ 13.Ncd2 f5 14.exf6 Qxf6 15.Bd3 Bxf3
16.gxf3 Nc6 17.O-O-O Bxd2+ 18.Rxd2 Nb4 19.Bb1 Nc4 20.Re2 Qxf3 21.Qxe6+ Kh8
22.Rhe1 Rf6 23.Qe7 Rc6 24.Be4 Nd6+ 25.Bxc6 Qxc6+ 26.Kb1 Re8  0-1

[Event "4th Kolkata Open"]
[Site "Kolkata IND"]
[Date "2009.09.05"]
[Round "5"]
[White "Negi,P"]
[Black "Sengupta,D"]
[Result "1-0"]
[WhiteElo "2615"]
[BlackElo "2494"]

1.e4 e6 2.d4 d5 3.Nd2 Nc6 4.c3 e5 5.exd5 Qxd5 6.Ngf3 Bg4 7.Bc4 Qd7 8.O-O O-O-O
9.Bb5 exd4 10.Qa4 Nge7 11.Nxd4 h5 12.N2b3 a6 13.Bxa6 Qd6 14.Bf4 Qxf4 15.Bxb7+ Kd7
16.Nc5+ Kd6 17.Bxc6  1-0

[Event "6th LGA Premium Cup"]
[Site "Nuernberg GER"]
[Date "2009.09.05"]
[Round "4"]
[White "Zelbel,P"]
[Black "Hertneck,G"]
[Result "1/2-1/2"]
[WhiteElo "2348"]
[BlackElo "2513"]

1.e4 e6 2.d4 d5 3.Nd2 a6 4.Bd3 c5 5.dxc5 Bxc5 6.Ngf3 Nc6 7.O-O Nge7 8.c3 O-O
9.Qe2 Ng6 10.Nb3 Bd6 11.Bg5 f6 12.Be3 Qc7 13.Rad1 Rd8 14.h3 Nce7 15.c4 dxc4
16.Bxc4 b5 17.Bd3 Nf4 18.Bxf4 Bxf4 19.e5 f5 20.g3 Bh6 21.Nbd4 Qb6 22.Bc2 Bb7
23.Bb3 Bd5 24.Bxd5 Rxd5 25.Nc2 a5 26.Rxd5 Nxd5 27.Ncd4 Nc7 28.Rd1 g6 29.Qc2 Rd8
30.Rd3 Nd5 31.Qc6 Qxc6 32.Nxc6 Rd7 33.Nfd4 Nb4 34.Nxb4 axb4 35.Kf1 Bc1 36.Ke2 Bxb2
37.Nxb5 Rb7 38.Rb3 Rxb5 39.Rxb2 Rxe5+ 40.Kd3 Re4 41.Re2 b3 42.axb3 Rb4 43.Kc3 Rb6
44.b4 Kf7 45.Kc4 Ke7 46.Kc5 Rd6 47.Ra2 Rd5+ 48.Kc6 Rd6+ 49.Kc5 Rd5+ 50.Kb6 Rd6+
51.Ka5 Kd7 52.Rc2 Rd1 53.b5 Ra1+ 54.Kb6 Rb1 55.Ka6 Ra1+ 56.Kb7 e5 57.b6 e4
58.Kb8 g5 59.b7 f4 60.gxf4 gxf4 61.Rd2+ Ke6 62.Rb2 Kd7 63.Rb4 e3 64.fxe3 f3
65.Rd4+ Ke6 66.Rf4 Rf1 67.Kc7 Rc1+ 68.Kb8 Rf1 69.Kc7 Rc1+ 70.Kb6 Rb1+ 71.Kc6 Rc1+
72.Kb6 Rb1+ 73.Kc6 Rc1+ 74.Kb6 Rb1+ 75.Kc6 Rc1+ 76.Kb5 Rb1+ 77.Rb4 Rxb4+
78.Kxb4 f2 79.b8=Q f1=Q 80.Qg8+ Ke5 81.Qg7+ Ke6 82.Qxh7 Qe1+ 83.Kc4 Qxe3
84.Qg8+  1/2-1/2

[Event "XXXII Banicky kahanec"]
[Site "Prievidza CZE"]
[Date "2009.09.05"]
[Round "2"]
[White "Simacek,P"]
[Black "Polak,T"]
[Result "1/2-1/2"]
[WhiteElo "2499"]
[BlackElo "2507"]

1.e4 e6 2.d4 d5 3.Nd2 Be7 4.Ngf3 Nf6 5.Bd3 c5 6.exd5 Qxd5 7.dxc5 Qxc5 8.O-O O-O
9.Re1 Nc6 10.a3 Rd8 11.b4 Qd6 12.Bb2 a6 13.Nc4 Qc7 14.Nfe5 b5 15.Nxc6 Qxc6
16.Na5 Qb6 17.Qf3 Bd7 18.Rad1 Be8 19.c4 bxc4 20.Nxc4 Qa7 21.Ne5 Rd5 22.Bc4 Rxd1
23.Rxd1 Rc8 24.Bd4 Qa8 25.Qb3 Rd8 26.Bb2 Rxd1+ 27.Qxd1 Bb5 28.Bb3 Qe4 29.h3 h6
30.Bc2 Qd5 31.Qxd5 Nxd5 32.Bb3 Kf8  1/2-1/2

[Event "XIX EYCC Boys U18"]
[Site "Fermo ITA"]
[Date "2009.09.07"]
[Round "7"]
[White "Rocks,D"]
[Black "Soors,S"]
[Result "1/2-1/2"]
[WhiteElo "2037"]
[BlackElo "2222"]

1.e4 e6 2.d4 d5 3.Nd2 Nc6 4.c3 e5 5.exd5 Qxd5 6.dxe5 Nxe5 7.Qe2 Be6 8.Ngf3 Bd6
9.Nxe5 Bxe5 10.Nf3 Bf6 11.Be3 O-O-O 12.Qb5 Ne7 13.Qa4 a6 14.Be2 Qc6 15.Qxc6 Nxc6
16.O-O h6 17.Nd2 Bd5 18.Bf3 Ne5 19.Bxd5 Rxd5 20.Ne4 Be7 21.b3 Rhd8 22.f3 Bf8
23.Nf2 b6 24.Rfd1 Kb7 25.Rxd5 Rxd5 26.Rd1 Rxd1+ 27.Nxd1 c5 28.Kf1 Kc6 29.Ke2 Bd6
30.Bf4 c4 31.Bxe5 Bxe5 32.g3 cxb3 33.axb3 a5 34.Kd3 Kc5 35.Nb2 b5 36.Kc2 g6
37.Nd3+ Kd5 38.Nb2 Kd6 39.Nd3 Bg7 40.Nb2 h5 41.Nd1 Ke6 42.Nb2 Be5 43.Nd3 Bd6
44.Nb2 Ba3 45.Nd3 Bd6 46.Nb2 h4 47.gxh4 Kf5 48.c4 Kf4 49.cxb5 Kxf3 50.h3 Ke2
51.Nc4 Bg3 52.Nxa5 f5 53.h5 gxh5 54.Nc6 Bf2 55.Kc3 f4 56.Nd4+ Bxd4+  1/2-1/2

[Event "XIX EYCC Boys U16"]
[Site "Fermo ITA"]
[Date "2009.09.08"]
[Round "8"]
[White "Givon,A"]
[Black "Strzemiecki,Z"]
[Result "0-1"]
[WhiteElo "2132"]
[BlackElo "2314"]

1.e4 e6 2.d4 d5 3.Nd2 Nc6 4.Ngf3 Nf6 5.e5 Nd7 6.Be2 f6 7.exf6 Qxf6 8.Nf1 Bd6
9.Ne3 O-O 10.O-O Qg6 11.g3 Nf6 12.c4 b6 13.b3 Bb7 14.cxd5 Nxd5 15.Nxd5 exd5
16.Bb2 Qf6 17.Ne1 Ne7 18.f4 Nf5 19.Qd2 Rae8 20.Nf3 Ne3 21.Rf2 Ng4 22.Rff1 Qh6
23.Bd3 Re3 24.Rae1 Bb4 25.Qxe3 Nxe3 26.Rxe3 Bc8 27.Rc1 Bd6 28.Ng5 g6 29.Rce1 Bd7
30.Bf1 Qg7 31.Bg2 c6 32.Bh3 Bxh3 33.Nxh3 h6 34.Re6 Rf6 35.Re8+ Kh7 36.Nf2 Qd7
37.h3 Rf7 38.Ng4 Re7 39.R8xe7+ Bxe7 40.Kg2 h5 41.Nf2 Bf6 42.g4 Bh4 43.Ba3 Qg7
44.Re5 Bf6 45.Re6 c5 46.dxc5 Qf7 47.Rd6 Bd4 48.Nd3 bxc5 49.gxh5 gxh5 50.Bxc5 Qg7+
51.Kf3 Bxc5 52.Rxd5 Qb7 53.Ke4 Bf8 54.Ke5 Bg7+ 55.Kd6 Qa6+ 56.Kd7 Qxa2 57.Rxh5+ Kg8
58.Nc5 Qd2+ 59.Kc6 Qxf4 60.Rd5 Qf3 61.Ne6 Bf6 62.Nc5 Be7 63.b4 Kf7 64.Nd3 Ke6  0-1

[Event "FSGM September"]
[Site "Budapest HUN"]
[Date "2009.09.12"]
[Round "8"]
[White "Kislik,E"]
[Black "Berczes,D"]
[Result "0-1"]
[WhiteElo "2339"]
[BlackElo "2521"]

1.e4 e6 2.d4 d5 3.Nd2 Be7 4.Ngf3 Nf6 5.e5 Nfd7 6.c3 c5 7.h4 Nc6 8.h5 Qb6
9.Nb3 a5 10.Be2 cxd4 11.cxd4 a4 12.Nbd2 Nxd4 13.Bd3 Nc6 14.Qe2 Qc7 15.Bb5 O-O
16.Bxc6 bxc6 17.Qe3 Ba6  0-1

[Event "TCh-SRB w"]
[Site "Pozarevac SRB"]
[Date "2009.09.14"]
[Round "1"]
[White "Rudolf,An"]
[Black "Vojinovic,J"]
[Result "1-0"]
[WhiteElo "2313"]
[BlackElo "2341"]

1.e4 e6 2.d4 d5 3.Nd2 Be7 4.Ngf3 Nf6 5.Bd3 c5 6.exd5 Qxd5 7.dxc5 Qxc5 8.O-O Nbd7
9.Qe2 O-O 10.Ne4 Nxe4 11.Qxe4 Nf6 12.Qh4 Rd8 13.Be3 Qb4 14.Bd4 e5 15.Bxe5 Qxh4
16.Nxh4 Ng4 17.Nf3 Nxe5 18.Nxe5 Be6 19.Rfe1 Bf6 20.f4 Rac8 21.a3 g6 22.Rad1 Rc5
23.b3 Bxe5 24.Rxe5 Rxe5 25.fxe5 Bf5 26.Kf2 Rd5 27.Be2 Rxe5 28.c4 Re7 29.Bf3 Be6
30.c5 Rc7 31.b4 Bd7 32.Ke3 Kf8 33.g4 h6 34.Kf4 Ke7 35.Re1+ Kf6 36.Rd1 g5+
37.Ke3 Ke7 38.Rd6 b6 39.Kd4 bxc5+ 40.bxc5 Be6 41.Ra6 f6 42.Ra4 Bc8 43.Rb4 Ba6
44.Rb1 Kd8 45.c6 Re7 46.Bd5 Re2 47.Rb8+ Kc7 48.Rf8 Rd2+ 49.Kc5 Rc2+ 50.Kb4 Kb6
51.Rxf6 Rb2+ 52.Kc3 Rxh2 53.c7+ Kxc7 54.Rxa6 Rh4 55.Rxa7+ Kd6 56.Bc4 Rxg4
57.a4 Kc5 58.Rc7+ Kb6 59.Rc8 Rg1 60.Kb4 Rb1+ 61.Bb3 g4 62.Rh8 Rh1 63.a5+ Kc6
64.Rg8 h5 65.Rg5 Kc7 66.a6 Kb6 67.Rg6+ Kc7 68.Kc5 Rc1+ 69.Bc4 Ra1 70.Rg7+ Kb8
71.Kb6  1-0

[Event "ch-NED w"]
[Site "Haaksbergen NED"]
[Date "2009.09.16"]
[Round "5"]
[White "De Mie,M"]
[Black "Bensdorp,M"]
[Result "0-1"]
[WhiteElo "2192"]
[BlackElo "2325"]

1.d4 d5 2.Nd2 e6 3.e4 a6 4.Ngf3 Nf6 5.Bd3 c5 6.c3 Nc6 7.e5 Nd7 8.O-O g5 9.dxc5 g4
10.Nd4 Ndxe5 11.Bc2 Bxc5 12.N2b3 Bd6 13.f4 gxf3 14.Nxf3 Bd7 15.Kh1 Qc7 16.Nxe5 Nxe5
17.Bg5 Be7 18.Qh5 Bxg5 19.Qxg5 Bb5 20.Rf2 h6 21.Qg7 O-O-O 22.Re1 Nd7 23.Rxf7 Rdg8
24.Qd4 e5 25.Qa7 Rf8 26.Rf5 Qb8 27.Qf2 Qd6 28.Qa7 Kc7 29.Nd2 Rxf5 30.c4 dxc4
31.Be4 Qxd2 32.Qxb7+ Kd8 33.Rg1 Rhf8 34.Bxf5 Rxf5 35.a4 Bxa4 36.Qxa6 Bb3
37.Qe6 Rf6 38.Qg8+ Ke7 39.Qh7+ Rf7 40.Qe4 Qxb2  0-1

[Event "TCh-SRB w"]
[Site "Pozarevac SRB"]
[Date "2009.09.16"]
[Round "3"]
[White "Bojkovic,N"]
[Black "Vojinovic,J"]
[Result "1/2-1/2"]
[WhiteElo "2429"]
[BlackElo "2341"]

1.e4 e6 2.d4 d5 3.Nd2 Be7 4.Bd3 c5 5.dxc5 Nf6 6.Qe2 Nc6 7.Ngf3 Nb4 8.O-O Nxd3
9.cxd3 Bxc5 10.Nb3 Be7 11.Bg5 h6 12.Bh4 Qb6 13.e5 Ng8 14.Bg3 a5 15.Bf4 a4
16.Be3 Qa6 17.Nbd4 Bd8 18.Bd2 Bd7 19.Rac1 Bb6 20.Bb4 Qa7 21.Nc2 Bc5 22.Qd2 Ne7
23.Bxc5 Qxc5 24.Nb4 Qb6 25.a3 O-O 26.Rc2 Rfc8 27.Rfc1 Qd8 28.Na2 Rxc2 29.Rxc2 Rc8
30.Rxc8 Qxc8 31.Qc3 Qxc3 32.bxc3 Ng6  1/2-1/2

[Event "TCh-FIN 2009-10"]
[Site "Finland FIN"]
[Date "2009.09.20"]
[Round "2"]
[White "Martynov,Al"]
[Black "Polaczek,R"]
[Result "1/2-1/2"]
[WhiteElo "2348"]
[BlackElo "2381"]

1.e4 e6 2.d4 d5 3.Nd2 a6 4.Ngf3 c5 5.dxc5 Bxc5 6.Bd3 Nc6 7.c3 Nge7 8.Qe2 O-O
9.Nb3 Ba7 10.e5 f6 11.Be3 Bxe3 12.Qxe3 Nxe5 13.Nxe5 fxe5 14.Qxe5 Nc6 15.Qh5 g6
16.Bxg6 hxg6 17.Qxg6+ Kh8 18.Qh6+ Kg8 19.Qg6+ Kh8 20.Qh6+  1/2-1/2

[Event "Uxbridge Congress Open"]
[Site "Uxbridge ENG"]
[Date "2009.09.20"]
[Round "5"]
[White "Seyfried,C"]
[Black "Stone,A ENG"]
[Result "1/2-1/2"]
[WhiteElo "2041"]
[BlackElo "2232"]

1.e4 e6 2.d4 d5 3.Nd2 Nc6 4.Ngf3 Nf6 5.e5 Nd7 6.c3 f6 7.exf6 Qxf6 8.Bb5 Bd6
9.O-O O-O 10.Qe2 e5 11.Bxc6 bxc6 12.dxe5 Nxe5 13.Nxe5 Bxe5 14.f4 Bd6 15.Nb3 a5
16.Qf3 Bf5 17.Be3 Be4 18.Qg4 Rab8 19.Rf2 a4 20.Nc5 Bf5 21.Qg5 Rfe8 22.Qxf6 gxf6
23.Bd4 Bxc5 24.Bxc5 Re4 25.Rd1 Kf7  1/2-1/2

[Event "18th TCh-CRO"]
[Site "Sibenik CRO"]
[Date "2009.09.23"]
[Round "3"]
[White "Fercec,N"]
[Black "Dizdar,G"]
[Result "1/2-1/2"]
[WhiteElo "2463"]
[BlackElo "2563"]

1.e4 e6 2.d4 d5 3.Nd2 Be7 4.Ngf3 Nf6 5.Bd3 c5 6.e5 Nfd7 7.O-O cxd4 8.Nb3 Nc6
9.Re1 Qb6 10.Bf4 Nc5 11.Nxc5 Qxc5 12.a3 Bd7  1/2-1/2

[Event "TCh-ROU w Superliga"]
[Site "Eforie Nord ROU"]
[Date "2009.09.24"]
[Round "6"]
[White "Craciun,P"]
[Black "Danielian,E"]
[Result "0-1"]
[WhiteElo "2154"]
[BlackElo "2489"]

1.e4 e6 2.d4 d5 3.Nd2 a6 4.Bd3 c5 5.exd5 Qxd5 6.Ngf3 cxd4 7.Bc4 Qc5 8.Qe2 Nc6
9.O-O Nf6 10.Nb3 Qa7 11.Bg5 Be7 12.Rad1 h6 13.Bh4 b5 14.Bd3 Bd7 15.Be4 Nxe4
16.Bxe7 Nxe7 17.Qxe4 Bc6 18.Qd3 Rd8 19.Nfxd4 Bd5 20.Qg3 O-O 21.Rfe1 Rd7 22.Rd3 Rfd8
23.Red1 Be4 24.R3d2 Nd5 25.Nc6 Qb6 26.Nxd8 Rxd8 27.c3 Rc8 28.Nd4 Nf6 29.f3 Bd5
30.Qf2 Qa5 31.a3 Qc7 32.Nc2 Nh5 33.Ne3 Bc6 34.c4 Nf4 35.c5 Qe7 36.b4 h5 37.Kh1 Qf6
38.Rd4 Kh7 39.Nf1 h4 40.Rxf4 Qxf4 41.Rd4 Qc1 42.Qxh4+ Kg8 43.Kg1 Bd5 44.Rd3 a5
45.Kf2 Qb1 46.Rd2 Qb3 47.Qg4 Ra8 48.Ne3 Qxa3 49.Nxd5 exd5 50.Qd7 axb4 51.c6 b3
52.c7 Qf8 53.Qxb5 Qd6 54.Qxd5 Qb6+ 55.Kg3 Qxc7+ 56.Kh3 Rb8 57.Rb2 Qc3 58.Qd6 Qc8+
59.Kg3 Rb5 60.Qd3 Qc7+ 61.Kf2 Rb4 62.g3 g6 63.Kg2 Qc6 64.Kf1 Qf6 65.Qe2 Qc3
66.f4 Kh7 67.Kg2 Rc4 68.Kh3 Rc5 69.Qd2 Qf3  0-1

[Event "Maotai Prince Cup Kings"]
[Site "JinZhou CHN"]
[Date "2009.09.24"]
[Round "7"]
[White "Ni Hua"]
[Black "Zhang Pengxiang"]
[Result "1/2-1/2"]
[WhiteElo "2692"]
[BlackElo "2616"]

1.e4 e6 2.d4 d5 3.Nd2 Nc6 4.Ngf3 Nf6 5.e5 Nd7 6.Nb3 a5 7.a4 b6 8.Ng5 h6 9.Nh3 Be7
10.Nf4 Bg5 11.h4 Bxf4 12.Bxf4 Ne7 13.Qg4 Nf5 14.Bd3 O-O 15.Nd2 f6 16.Bxf5 exf5
17.Qg3 fxe5 18.dxe5 Qe7 19.Nf3 Nf6 20.Bxh6 Ne4 21.Qg6 f4 22.Qc6 Qb4+ 23.Kf1 gxh6
24.Qg6+ Kh8 25.Qxh6+ Kg8  1/2-1/2

[Event "XIX Open de Gros"]
[Site "Donostia ESP"]
[Date "2009.09.25"]
[Round "1"]
[White "Marholev,D"]
[Black "Ezkerro Hernandez,P"]
[Result "1-0"]
[WhiteElo "2364"]
[BlackElo "1738"]

1.e4 e6 2.d4 d5 3.Nd2 Nc6 4.Ngf3 dxe4 5.Nxe4 Nf6 6.Nxf6+ Qxf6 7.Bg5 Qf5 8.Bd3 Qg4
9.h3 Qxg2 10.Rh2 Qxh2 11.Nxh2 Nxd4 12.Bb5+ c6 13.Qxd4 f6 14.O-O-O Be7 15.Be2 e5
16.Qc4 fxg5 17.Nf3 Bd7 18.Nxe5 O-O-O 19.Nxd7  1-0

[Event "I Teller Ede Mem WGM"]
[Site "Paks HUN"]
[Date "2009.09.25"]
[Round "1"]
[White "Majdan,J"]
[Black "Toth,Li"]
[Result "0-1"]
[WhiteElo "2361"]
[BlackElo "2171"]

1.e4 e6 2.d4 d5 3.Nd2 Be7 4.c3 c5 5.dxc5 Nf6 6.Bd3 O-O 7.e5 Nfd7 8.Qh5 g6
9.Qe2 Nxc5 10.Bc2 Nc6 11.Ndf3 Qc7 12.Nh3 b5 13.Bh6 Rd8 14.O-O b4 15.Rfe1 bxc3
16.bxc3 Ba6 17.Qe3 Na5 18.Nhg5 Bf8 19.Nxh7 Kxh7 20.Ng5+ Kg8 21.Qh3 Rac8 22.Bxf8 Kxf8
23.Rad1 Ke8 24.Qh7 Qe7 25.Nxf7 Kd7 26.Bxg6 Rf8 27.Re3 Na4 28.Qh3 Kc7 29.Nd6 Rb8
30.Qg4 Nc4 31.Qd4 Nab6 32.Rh3 Rh8 33.Rf3 Nxe5 34.Ne8+ Rhxe8 35.Qxe5+ Qd6
36.Rf7+ Nd7 37.Qd4 Rb6 38.h4 Rf8 39.Rg7 Rf4 40.Rxd7+ Kxd7 41.Qg7+ Qe7 42.Qe5 Qf6  0-1

[Event "18th TCh-CRO w"]
[Site "Sibenik CRO"]
[Date "2009.09.25"]
[Round "5"]
[White "Videkovic,M"]
[Black "Grguric,Dar"]
[Result "0-1"]
[WhiteElo "1933"]
[BlackElo "1879"]

1.e4 e6 2.d4 d5 3.Nd2 a6 4.e5 c5 5.c3 Nc6 6.Ndf3 Qb6 7.Ne2 cxd4 8.cxd4 Bd7
9.Nc3 Nge7 10.Na4 Qc7 11.a3 Nf5 12.Be2 b5 13.Nc3 Qb6 14.Be3 b4 15.axb4 Bxb4
16.O-O Na5 17.Na4 Qb7 18.Bd3 Bb5 19.Bxb5+ axb5 20.Nc3 O-O 21.Na2 Be7 22.Qe2 Nb3  0-1

[Event "TCh-NED 2009-10"]
[Site "Netherlands NED"]
[Date "2009.09.26"]
[Round "1"]
[White "Burg,T"]
[Black "Timmermans,I"]
[Result "1-0"]
[WhiteElo "2449"]
[BlackElo "2237"]

1.e4 e6 2.d4 d5 3.Nd2 Be7 4.c3 c5 5.dxc5 Nf6 6.exd5 Qxd5 7.b4 Qe5+ 8.Ne2 O-O
9.Nc4 Qe4 10.Nd2 Qe5 11.Nf3 Qe4 12.Ng5 Qg6 13.Nd4 Nd5 14.Bd3 f5 15.h4 Nc6
16.Nxc6 bxc6 17.Bd2 e5 18.Bc4 Bxg5 19.hxg5 f4 20.Qe2 Bf5 21.O-O-O a5 22.b5 Kh8
23.Kb2 Rad8 24.Bc1 Qe6 25.a4 Bg6 26.f3 Qf5 27.Bd3 Qxg5 28.Bxg6 Qxg6 29.Qc2 Qxc2+
30.Kxc2 g6 31.Rhe1 Rfe8 32.Bd2 cxb5 33.axb5 Rc8 34.c6 Kg7 35.c4 Nb6 36.Kb3 a4+
37.Kb4 Ra8 38.Bc3 a3  1-0

[Event "74th ch-ESP Absoluto"]
[Site "Palma de Mallorca ESP"]
[Date "2009.09.26"]
[Round "1"]
[White "Jimenez de la Torre,J"]
[Black "Masso Catala,J"]
[Result "1-0"]
[WhiteElo "2175"]
[BlackElo "1529"]

1.e4 e6 2.d4 d5 3.Nd2 Nc6 4.Ngf3 Nf6 5.e5 Nd7 6.c3 Be7 7.Bd3 f6 8.exf6 Bxf6
9.Qc2 Qe7 10.Bxh7 e5 11.dxe5 Ndxe5 12.O-O Be6 13.Nd4 O-O-O 14.Nxe6 Qxe6 15.Bf5 Qxf5
16.Qxf5+ Kb8 17.f4 Nf7 18.Nf3 Nd6 19.Qc2 Rh6 20.Be3 Rdh8 21.Rad1 Ne4 22.Bc1 Ne7
23.g4 Bh4 24.g5 Rh5 25.Qb3 Nd6 26.Rxd5 Bg3 27.hxg3 Rh1+ 28.Kg2 R1h2+ 29.Nxh2  1-0

[Event "TCh-ISL 2009-10"]
[Site "Rekjavik ISL"]
[Date "2009.09.27"]
[Round "4"]
[White "Thorgeirsson,S"]
[Black "Halldorsson,G"]
[Result "1-0"]
[WhiteElo "2142"]
[BlackElo "2229"]

1.e4 e6 2.d4 d5 3.Nd2 Be7 4.e5 Nh6 5.Bd3 c5 6.c3 cxd4 7.cxd4 Nc6 8.Ndf3 Nf5
9.Ne2 O-O 10.O-O f6 11.exf6 Bxf6 12.Re1 e5 13.dxe5 Nxe5 14.Nxe5 Bxe5 15.Ng3 Qd6
16.Qc2 g6 17.Bd2 Nd4 18.Qb1 Bf5 19.Bc3 Bxd3 20.Qxd3 Nc6 21.Rxe5 Nxe5 22.Qd4 Rf3
23.Qxe5 Qxe5 24.Bxe5 Rf7 25.Rc1 Re8 26.Bd4 a6 27.Kf1 Rf4 28.Rd1 Rc8 29.Bc3 Rc5
30.Ne2 Rh4 31.h3 Kf7 32.Nd4 Rh5 33.Nf3 Ke8 34.g4  1-0

[Event "I Teller Ede Mem WGM"]
[Site "Paks HUN"]
[Date "2009.09.29"]
[Round "5"]
[White "Gara,T"]
[Black "Toth,Li"]
[Result "1/2-1/2"]
[WhiteElo "2364"]
[BlackElo "2171"]

1.e4 e6 2.d4 d5 3.Nd2 Be7 4.Ngf3 Nf6 5.e5 Nfd7 6.Bd3 c5 7.c3 Nc6 8.O-O g5
9.dxc5 Ndxe5 10.Nxe5 Nxe5 11.Nb3 Nxd3 12.Qxd3 e5 13.Qe2 Qc7 14.Re1 e4 15.c4 Be6
16.Nd4 O-O 17.Be3 a6 18.Rad1 Rad8 19.Qh5 dxc4 20.Nxe6 fxe6 21.Rc1 Qe5 22.Rxc4 Qf5
23.h3 Bf6 24.b3 Rd3 25.c6 bxc6 26.Rxc6 Bc3 27.Rd1 Bf6 28.Rdc1 Bd4 29.Bxd4 Rxd4
30.Qe2 Rfd8 31.Rc8 Rxc8 32.Rxc8+ Kg7 33.Rc7+ Kg6 34.Rc4 Rxc4 35.Qxc4 a5 36.a4 Qe5
37.g3 Kh6 38.Qb5 Qd4 39.Qe2 Qb4 40.Qe3 Kg6 41.Kg2 h6 42.Kf1 Kf6 43.Ke2 e5
44.Kf1 Ke6 45.h4 Kf6 46.h5 Ke6 47.Kg2 Kf6 48.Qe2 Qb7 49.Kh2 Qb6 50.Kg2 Qb7
51.Kh2 Qb6 52.Kg1 Kf5 53.Qe3 Qd4 54.Kg2 Qd1 55.Qc3 Qxh5 56.Qc8+ Kf6 57.g4 Qg6
58.Qa6+ Kf7 59.Qxa5 Qe6 60.Qc7+ Kg6 61.Qc3 Qxg4+ 62.Qg3 Qe6 63.b4 h5 64.b5 h4
65.Qh3 Qc4 66.b6 Qc6 67.Qe3 Qxa4 68.b7 Qb4 69.Qa7 h3+ 70.Kxh3 Qb3+ 71.Kh2 Qf3
72.Qe3 Qf8 73.Qxe4+ Kh6 74.Kg2 Qd6 75.Qb1 Qb8 76.Qb6+ Kh5 77.Qc6 Qd8 78.Qc8 Qd5+
79.Kh2 Qd4 80.Qh8+ Kg6 81.Qg8+ Kh6 82.Qf8+ Kg6 83.Qe8+ Kh6 84.Qc6+ Kg7 85.Qc7+ Kg6
86.Qc6+ Kg7 87.Qg2 Qb2 88.Qxg5+ Kf7 89.Qf5+ Ke7 90.Qh7+ Kd6 91.Kg2 Kc6 92.Qe4+ Kc7
93.Kg3 Kb8 94.Kf3 Qb3+ 95.Kg4 Qe6+ 96.Kg5 Qe7+ 97.Kg4  1/2-1/2

[Event "10th Veselin Boskovic Mem"]
[Site "Beograd SRB"]
[Date "2009.10.01"]
[Round "4.1"]
[White "Stojanovic,Da"]
[Black "Asik,J"]
[Result "1-0"]
[WhiteElo "2469"]
[BlackElo "2363"]

1.e4 e6 2.d4 d5 3.Nd2 a6 4.Ngf3 c5 5.exd5 exd5 6.dxc5 Bxc5 7.Nb3 Bb6 8.Bd3 Nf6
9.Qe2+ Qe7 10.Qxe7+ Kxe7 11.O-O Re8 12.Bd2 Nc6 13.Rfe1+ Kf8 14.Rxe8+ Kxe8
15.Re1+ Kf8 16.Be3 Bxe3 17.Rxe3 Bg4 18.Nfd4 Nxd4 19.Nxd4 Re8 20.Rxe8+ Kxe8
21.f3 Bd7 22.Kf2 g6 23.Ke3 Ke7 24.Kf4 Kd6 25.g4 h6 26.h4 Bc8 27.c3 Bd7 28.b4 Ng8
29.g5 h5 30.Ke3 Ne7 31.Bc2 Bc8 32.a4 Bd7 33.a5 Bc8 34.Kf4 Bd7 35.Ke3 Ke5
36.f4+ Kd6 37.Bb3 Be6 38.Ba4 Bd7 39.Bd1 Bc8 40.Bf3 Kc7 41.Kd3 Kd6 42.Bg2 Bf5+
43.Ke3 Bc8 44.Kf2 Kc7 45.Ne2 Kd6 46.Ng3 Bd7 47.Ke3 Bb5 48.Bf3 Bd7 49.Bd1 Bc8
50.Bb3 Be6 51.Kd3 Bf5+ 52.Kd4 Nc6+ 53.Ke3 Ne7 54.c4 dxc4 55.Bxc4 Be6 56.Kd4 Bd5
57.Bxd5 Nxd5 58.f5 Nxb4 59.Ne4+ Ke7 60.f6+ Kf8 61.Kc5 Nc6 62.Kb6 Nxa5 63.Kxa5  1-0

[Event "10th Veselin Boskovic Mem"]
[Site "Beograd SRB"]
[Date "2009.10.02"]
[Round "5.1"]
[White "Cabrilo,G"]
[Black "Asik,J"]
[Result "1-0"]
[WhiteElo "2492"]
[BlackElo "2363"]

1.e4 e6 2.d4 d5 3.Nd2 a6 4.Bd3 c5 5.dxc5 Bxc5 6.Ngf3 Nf6 7.Qe2 O-O 8.O-O Nc6
9.e5 Nd7 10.Nb3 Be7 11.c3 f6 12.exf6 Nxf6 13.Nbd4 Qd6 14.Re1 Ng4 15.h3 Nxd4
16.cxd4 Nf6 17.Ng5 Qb6 18.Nxe6 Re8 19.Ng5 Bd7 20.Be3 Bb4 21.Rec1 Qd6 22.Nf3 Ne4
23.Ne5 Bf5 24.Rc2 Ba5 25.Rac1 Bb6 26.Bxe4 Bxe4 27.Rc3 Bf5 28.a3 Re7 29.Qd2 h6
30.Bf4 Qf6 31.Bg3 Rae8 32.Rb3 Ba7 33.Rf3 Qe6 34.Re1 Be4 35.Rc3 Bb6 36.Kh2 Qf6
37.Rce3 Kh7 38.Qb4 a5 39.Qd2 a4 40.Qb4 Ra8 41.f3 Ba5 42.Qxa4 b5 43.Qxb5 Bxe1
44.Rxe1 Bf5 45.Qxd5 Rc8 46.Re2 Rc1 47.Qa5 h5 48.h4 Bg6 49.Qd2 Rc2 50.Qe1 Rec7
51.Rxc2 Rxc2 52.Qd1 Bf5 53.Qf1 Qb6 54.Qg1 Qxb2 55.Nf7 Re2 56.Ng5+ Kh6 57.d5 Qd2
58.Nh3 Qd3 59.Nf4 Qxf3 60.Nxe2 Qxe2 61.a4 Qc4 62.Qf2 Bg4 63.a5  1-0